01579nam a2200361 a 4500008004100000020000800041041000800049092002000057245008500077250001100162260008700173300001100260500018200271590003100453653006600484653006700550653004800617653003400665653003300699653002900732653006500761653002300826653003100849653001700880700002500897700002500922700004000947700002800987700003201015942001201047999001501059952014301074110916n ag ||||f |||| 00| 0 spa d aS/N aspa c616.89l77sSAL aSalud mental. bSu inserción en el primer nivel de atención /cAldo Ferrante a1a ed. aS/L:bInstituto Nacional de Servicios Sociales para Jubilados y Pensionados;cS/F. a336 p. aFerrante, A. et al. (s.f.). Salud mental. Su inserción en el primer nivel de atención. (1a ed.). S/L : Instituto Nacional de Servicios Sociales para Jubilados y Pensionados. aDonación Septiembre 2011 aOrganización del sistema de la atención primaria en salud aAtención médica primaria y atención primaria de la salud aPerfil profesional del médico de cabecera aSalud, identidad y conflictos aRelación médico-paciente aPsicoanalisis y medicina aSalud mental, atención primaria y necesidades comunirarias aHistoria clínica aCuadros psicopatológicos aTercera edad1 aFerrante, Aldo916131 aDe Rose, Tulio916141 aPellet Lastra, María Andrea916151 aEnriquez, Horacio916161 aCorach, Julio Rodolfo91617 2ddccBK c1001d1001 00102ddc40708REFaBFMbBFMcREFd2011-09-16l1o616.89 77 SALp2460r2014-11-06s2012-04-09tEj. 1w2011-09-16yREFzLIBRO DE CONSULTA